Catálogo público

Diccionario porrúa de sinónimos y antónimos de la lengua española / (Record no. 208146)

MARC details
000 -CABECERA
campo de control de longitud fija 00798nam a2200289Ia 4500
001 - NÚMERO DE CONTROL
campo de control Para_9461
003 - IDENTIFICADOR DEL NÚMERO DE CONTROL
campo de control CHAP
008 - DATOS DE LONGITUD FIJA--INFORMACIÓN GENERAL
campo de control de longitud fija 220125s2007 xx 000 0 und d
010 ## - NÚMERO DE CONTROL DE LA BIBLIOTECA DEL CONGRESO
Número de control de LC 208146
040 ## - FUENTE DE LA CATALOGACIÓN
Centro/agencia transcriptor CHAP
082 ## - NÚMERO DE LA CLASIFICACIÓN DECIMAL DEWEY
Número de clasificación 464 D57
100 ## - ENTRADA PRINCIPAL--NOMBRE DE PERSONA
Nombre de persona Guardia, Remo
9 (RLIN) 174520
245 ## - MENCIÓN DE TÍTULO
Título Diccionario porrúa de sinónimos y antónimos de la lengua española /
Mención de responsabilidad, etc. por Remo Guardia
250 ## - MENCIÓN DE EDICIÓN
Mención de edición 18
260 ## - PUBLICACIÓN, DISTRIBUCIÓN, ETC.
Lugar de publicación, distribución, etc. México, D.F. :
Nombre del editor, distribuidor, etc. Porrúa
300 ## - DESCRIPCIÓN FÍSICA
Extensión 365 p.
503 ## - NOTA DE HISTORIA BIBLIOGRÁFICA (BK CF MU) [OBSOLETO]
Nota de historia bibliográfica C/e (ej.1)
650 ## - PUNTO DE ACCESO ADICIONAL DE MATERIA--TÉRMINO DE MATERIA
Término de materia o nombre geográfico como elemento de entrada Español
Subdivisión general antónimos
-- diccionarios
9 (RLIN) 37724
650 ## - PUNTO DE ACCESO ADICIONAL DE MATERIA--TÉRMINO DE MATERIA
Término de materia o nombre geográfico como elemento de entrada Español
Subdivisión general sinónimos
-- diccionarios
9 (RLIN) 37745
901 ## - ELEMENTOS DE DATOS A LOCAL LDA (RLIN)
a 464 D57
902 ## - ELEMENTOS DE DATOS B LOCAL, LDB (RLIN)
a M
905 ## - ELEMENTOS DE DATOS E LOCAL, LDE (RLIN)
a 0000002007 0000000000 00
910 ## - DATOS DE OPCIÓN DEL USUARIO (OCLC)
Datos de opción del usuario 2007
942 ## - ELEMENTOS DE PUNTO DE ACCESO ADICIONAL (KOHA)
Tipo de ítem Koha Parasitologia_
942 ## - ELEMENTOS DE PUNTO DE ACCESO ADICIONAL (KOHA)
Tipo de ítem Koha Parasitologia_
-- 1
Holdings
Estado de retiro Estado de pérdida Fuente del sistema de clasificación o colocación Estado dañado Restricciones de uso No para préstamo Código de colección Localización permanente Ubicación/localización actual Fecha de adquisición Información codificada de la localización en otra ubicación Total de préstamos Signatura topográfica completa Código de barras Fecha visto por última vez Número de copia Precio válido a partir de Tipo de ítem Koha Nota pública
    Dewey Decimal Classification   Préstamo interno   Consulta Parasitologia Agricola Parasitologia Agricola 29/10/2008 PARA   464 D57 PA_09359 25/01/2022 1 25/01/2022 Libro 3